| 000 -LEADER |
| fixed length control field |
01366nam a2200253Ia 4500 |
| 001 - CONTROL NUMBER |
| control field |
19480 |
| 003 - CONTROL NUMBER IDENTIFIER |
| control field |
GE_BSU |
| 008 - FIXED-LENGTH DATA ELEMENTS--GENERAL INFORMATION |
| fixed length control field |
181216s||||||||xx |||||||||||||| ||und|| |
| 040 ## - CATALOGING SOURCE |
| Transcribing agency |
GE_BSU |
| 080 ## - UNIVERSAL DECIMAL CLASSIFICATION NUMBER |
| Universal Decimal Classification number |
811.353.'342 |
| 100 ## - MAIN ENTRY--PERSONAL NAME |
| Personal name |
როგავა, გ. |
| 245 ## - TITLE STATEMENT |
| Title |
ქართველურ ენათა ისტორიული ფონეტიკის საკითხები 1 |
| 245 ## - TITLE STATEMENT |
| Remainder of title |
ხმოვანთა ისტორიის ზოგი საკითხი ქართველურ ენებში. |
| 245 ## - TITLE STATEMENT |
| Statement of responsibility, etc. |
რედ:ა.ჩიქობავა |
| 250 ## - EDITION STATEMENT |
| Edition statement |
საქ. სსრ მეცნ. აკად., ენათმეცნიერების ინ-ტი |
| 260 ## - PUBLICATION, DISTRIBUTION, ETC. |
| Place of publication, distribution, etc. |
თბილისი |
| 260 ## - PUBLICATION, DISTRIBUTION, ETC. |
| Name of publisher, distributor, etc. |
საქართველოს სსრ მეცნიერებათა აკადემიის გამომცემლობა |
| 260 ## - PUBLICATION, DISTRIBUTION, ETC. |
| Date of publication, distribution, etc. |
1962 |
| 300 ## - PHYSICAL DESCRIPTION |
| Extent |
149გვ;21სმ. |
| 300 ## - PHYSICAL DESCRIPTION |
| Other physical details |
დამატ. თავფურც. რუს. ენ.ბიბლიოგრ. შენიშვნებში. |
| 653 ## - INDEX TERM--UNCONTROLLED |
| Uncontrolled term |
ქართველური ენების ისტორიული ფონეტიკა; ხმოვნები ქართველურ ენებში; |
| 653 ## - INDEX TERM--UNCONTROLLED |
| Uncontrolled term |
ქართული ენა |
| 942 ## - ADDED ENTRY ELEMENTS (KOHA) |
| Koha item type |
წიგნი |